000 01094nam0a2200325 i 4500
001 RU\NLR\BIBL_A\011013186
005 20260406145533.0
010 _a9785699842322
_95000
021 _aRU
_b2016-15575
_91008
035 _a(NILC)RuMoRGB-008160885
035 _a(NLR Aleph) 011013186
090 _a11034935
_c11034935
100 _a20160318d2015 u y0rusy50 ca
101 1 _arus
_ceng
102 _aRU
105 _ay|||z|||000ay
200 1 _aВеликий Гэтсби
_fФрэнсис Скотт Фицджеральд
_g[пер. с англ. С. Ильина]
210 _aМосква
_cЭ
_d2015
215 _a220, [2] с.
_d20
225 1 _aКультовая классика
333 _a16+
675 _a821.111(73)
686 1 _aШ6(7США)67-440.4{Лх1978-50}
700 1 _8rus
_7ca
_aФицджеральд
_bФ. С.
_f1896-1940
_gФрэнсис Скотт
_3RU\NLR\AUTH\774722
_9114699
801 0 _aRU
_bРГБ
_c20160229
_gRCR
942 _cBOOK
980 _aNBR